000 00763pam a2200241 i 4500
008
020 _a058244196X (pbk.)
049 _aMAIN
090 _aHB97.5
_bWAL
100 1 _aWalker, Angus.
245 1 0 _aMarx: his theory and its context :
_bpolitics as economics : introductory and critical essay on the political economy of Karl Marx /
_cAngus Walker.
260 _aLondon :
_bLongman,
_c1978.
300 _axi, 241 p. ;
_c22 cm.
504 _aIncludes bibliographical references.
500 _aIncludes index.
650 0 _aMarxian economics.
600 1 0 _aMarx, Karl.
907 _a.b10304460
_b30-05-13
_c08-12-11
003
005 20230123125350.0
040 _cNUST
942 _cBOOKS
_kHB97.5
_mWAL
999 _c140279
_d140279